|
|
|
|
| LEADER |
00859cam a2200229 7i4500 |
| 001 |
0000024928 |
| 005 |
20251107090000.0 |
| 008 |
081119 eng |
| 020 |
|
|
|a 9780415955805 (hbk.)
|
| 020 |
|
|
|a 0415955807 (hbk.)
|
| 090 |
0 |
0 |
|a GV706.5
|b .Y63 2008
|
| 245 |
1 |
0 |
|a Youth culture and sport :
|b identity, power, and politics
|c edited by Michael D. Giardina, Michele K. Donnelly.
|
| 260 |
|
|
|a New York:
|b Routledge,
|c 2008.
|
| 300 |
|
|
|a xv, 212 p.;
|c 24 cm.
|
| 504 |
|
|
|a Includes bibliographical references and index
|
| 650 |
0 |
0 |
|a Subculture --
|z United States
|
| 650 |
0 |
0 |
|a Sports --
|x Social aspects
|
| 650 |
0 |
0 |
|a Youth --
|x Social conditions --
|z United States
|
| 700 |
1 |
|
|a Giardina, Michael D
|
| 700 |
1 |
|
|a Donnelly, Michele K
|
| 997 |
|
|
|a Business & Accountancy, Faculty
|
| 999 |
|
|
|a 0000032299
|b BOK
|c OPEN SHELF
|e 1st Floor, Shah Alam
|